Division parques nales y vida silvestre (Registro nro. 18342)
[ vista simple ]
| 000 -CABECERA | |
|---|---|
| Campo de control | 00871nem a22002297a 4500 |
| 005 - FECHA Y HORA DE LA ULTIMA TRANSACCION | |
| Campo de control | 20160525084001.0 |
| 008 - ELEMENTOS DE LONGITUD FIJA—INFORMACION GENERAL | |
| Campo de control | 160422b1971 ck ||||| |a|| 00| 0 spa d |
| 040 ## - FUENTE DE CATALOGACIÓN | |
| Agencia catalogadora original | CO-BoIAVH |
| Agencia transcriptora | CO-BoIAVH |
| 041 ## - IDIOMA | |
| Código de idioma para texto/pista de sonido o título separado | Español |
| 044 ## - PAÍS DE PUBLICACIÓN | |
| País de publicación | Colombia |
| 090 ## - CLASIFICACIÓN LOCAL | |
| Colección | MC- |
| Consecutivo | 0037 |
| 110 ## - ASIENTO PRINCIPAL--NOMBRE CORPORATIVO | |
| Nombre corporativo o de jurisdicción como elemento de entrada | Instituto Nacional de los Recursos Naturales Renovables y del Ambiente - INDERENA |
| Lugar de la reunión | (Bogotá) |
| 245 1# - MENCION DE TITULO | |
| Título | Division parques nales y vida silvestre |
| Parte restante del título | La macarena reserva biológica |
| Medio físico | [Material Cartografico] |
| 255 ## - DATOS MATEMATICOS CARTOGRAFICOS | |
| Mención de escala | 1:200.000 |
| 260 ## - PUBLICACION, DISTRIBUCION, ETC. (PIE DE IMPRENTA) | |
| Lugar de publicación, distribución, etc. | Bogotá |
| Nombre del editor, distribuidor, etc. | Instituto Nacional de los Recursos Naturales Renovables y del Ambiente - INDERENA |
| Fecha de publicación, distribución, etc. | 1971 |
| 300 ## - DESCRIPCION FISICA | |
| Extensión | 1 mapa |
| Dimensiones | 88 x 78 cm |
| 650 ## - ASIENTO SECUNDARIO DE MATERIA - TERMINO TEMATICO | |
| Término temático o nombre geográfico como elemento de entrada | Colonos |
| Subdivisión geográfica | Macarena |
| 650 ## - ASIENTO SECUNDARIO DE MATERIA - TERMINO TEMATICO | |
| Término temático o nombre geográfico como elemento de entrada | Estaciones biológicas |
| Subdivisión geográfica | Macarena |
| 650 ## - ASIENTO SECUNDARIO DE MATERIA - TERMINO TEMATICO | |
| Término temático o nombre geográfico como elemento de entrada | Parque nacionales |
| Subdivisión geográfica | Macarena |
| 651 ## - ASIENTO SECUNDARIO DE MATERIA - NOMBRE GEOGRAFICO | |
| Nombre geográfico | La marcarena |
| Subdivisión geográfica | Colombia |
| 942 ## - ELEMENTOS ADICIONALES (KOHA) | |
| Sistema de clasificación | Local |
| Tipo de ítem | Libro |
| Withdrawn status | Lost status | Sistema de Clasificación | Damaged status | No para préstamo | Colección | Ubicación Permanente | Ubicación actual | Fecha de adquisición | Total Checkouts | Número topográfico | Inventario / Código de Barras | Date last seen | Ejemplar | Price effective from | Tipo de material |
|---|---|---|---|---|---|---|---|---|---|---|---|---|---|---|---|
| Local | Bogotá | Bogotá | 22/04/2016 | MC-0037 | 039975 | 22/04/2016 | Ej. 1 | 22/04/2016 | Mapa |